LDR 00938naa#a2200169#i#450# 001 RU\\bibl\121389 005 20260429131025.3 011 ## _a1994-4683 100 ## _a20230531b2023####ek#y0rusy0150####ca 102 ## _aRU 200 1# _aРЕГИОНАЛЬНЫЕ СТАНДАРТЫ ФИЗИЧЕСКОГО РАЗВИТИЯ СТУДЕНТОК, ОБУЧАЮЩИХСЯ В ВУЗАХ ИРКУТСКОЙ ОБЛАСТИ _eЖурнальная статья 210 1# _aМосква _cНациональный государственный Университет физической культуры, спорта и здоровья им. П.Ф. Лесгафта _d2023 215 ## _a4 с. 608 ## _aЖурнальная статья _2local 675 ## _aМассовый спорт. Массовое спортивное движение. Народные виды спорта. 796.034.2 _z 700 #1 _aАртемьева _gМ А 856 4# _auchzapiski.lesgaft.spb.ru _u